000 00828nas a2200277 4500
001 BR8003109
003 BR-BrBNA
005 20231205084319.0
007 ta
008 230509b bl.|||p| |||| 00| 00por d
040 _aBR-BrBNA
_bpor
_cBiblioteca Nacional de Agricultura
041 _a(Pt)
072 _aK20; K10
100 1 _aBrepohl, D.
245 1 _aO reflorestamento com incentivos fiscais no Estado do Parana [Brasil]
650 _aAdministracao Florestal
650 _aProducao florestal
650 _aDesenvolvimento florestal
650 _aReflorestamento
650 _aIncentivo fiscal
650 _aAnalise economica
650 _aPARANÁ
773 0 _tFloresta (Brazil)
_xISSN 0015-3826
_g(Jun 1980), v. 11(1) p. 62-66
_wBR8003109
909 _a202311
_bLúcia
_c55
_dLúcia Elande
942 _2AGRIS
_n0
_cANA
999 _c104442
_d104442